Catálogo
 En Linea
Vista normal Vista MARC

Entrada Nombre de reunión

Número de registros utilizados en: 1

001 - NÚMERO DE CONTROL

  • campo de control: 84765

003 - IDENTIFICADOR DEL NÚMERO DE CONTROL

  • campo de control: DO-SdBNP

005 - FECHA Y HORA DE LA ÚLTIMA TRANSACCIÓN

  • campo de control: 20240109145142.0

008 - DATOS DE LONGITUD FIJA

  • campo de control de longitud fija: 240109|| aca||aabn | a|a d

040 ## - FUENTE DE LA CATALOGACIÓN

  • Centro catalogador/agencia de origen: DO-SdBNP
  • Centro/agencia transcriptor: DO-SdBNP

111 ## - ENCABEZAMIENTO--NOMBRE DE CONGRESO/REUNIÓN

  • Nombre de congreso/reunión o jurisdicción como elemento de entrada: Conferencia pronuncada por Don Fernando Careaga
  • Sede del congreso/Lugar de la reunión: Santo Domingo
  • Fecha del congreso/reunión: 1935 12 oct

670 ## - FUENTE DE DATOS ENCONTRADOS

  • Cita de la fuente: Work cat.: (DO-SdBNP)30220: 66006, La casa de España y el tricentenario del Fénix de los ingenios :

Con tecnología Koha